| 000 | 00519nam a22001697a 4500 | ||
|---|---|---|---|
| 005 | 20251108165439.0 | ||
| 008 | 250721s9999 xx 000 0 ara d | ||
| 082 | 1 | 4 | _aم/956.03/واق |
| 100 | 1 | _aالواقدي، أبو عبد الله محمد بن عمر | |
| 245 | 1 | 0 | _aفتوح الشام / |
| 264 | 1 |
_aبيروت : _bدار الجيل، _c[19-]. |
|
| 300 | _a2ج × مجلد واحد | ||
| 650 | 1 | 7 | _aالخلفاء الراشدون 661-632 |
| 650 | 1 | 7 | _aالتاريخ |
| 942 |
_2ddc _cREF |
||
| 999 |
_c28143 _d28143 |
||